IFLA annual report. 2018 (Record no. 46152)

MARC details
000 -LEADER
fixed length control field 01195nas a2200241 a 4500
001 - CONTROL NUMBER
control field 14327875
008 - FIXED-LENGTH DATA ELEMENTS--GENERAL INFORMATION
fixed length control field 210407c20039999||||||||||||||||| || u
010 ## - LIBRARY OF CONGRESS CONTROL NUMBER
LC control number 2003220128
050 ## - LIBRARY OF CONGRESS CALL NUMBER
Classification number IFLA(058)AR/2018
110 ## - MAIN ENTRY--CORPORATE NAME
Corporate name or jurisdiction name as entry element International Federation of Library Associations and Institutions(IFLA)
245 10 - TITLE STATEMENT
Title IFLA annual report. 2018
Statement of responsibility, etc. By International Federation of Library Association and Institutions (IFLA)
260 ## - PUBLICATION, DISTRIBUTION, ETC.
Place of publication, distribution, etc. The Hague
Name of publisher, distributor, etc. International Federation of Library Associations and Institutions
Date of publication, distribution, etc. c2003-
300 ## - PHYSICAL DESCRIPTION
Extent 27 pages : illustrations
362 1# - DATES OF PUBLICATION AND/OR SEQUENTIAL DESIGNATION
Dates of publication and/or sequential designation <p>2000-</p>
650 #7 - SUBJECT ADDED ENTRY--TOPICAL TERM
Topical term or geographic name entry element LIBRARY SCIENCE
Source of heading or term fast
650 #0 - SUBJECT ADDED ENTRY--TOPICAL TERM
Topical term or geographic name entry element LIBRARY SCIENCE--PERIODICALS
650 ## - SUBJECT ADDED ENTRY--TOPICAL TERM
Topical term or geographic name entry element INTERNATIONAL FEDERATION OF LIBRARY ASSOCIATIONS AND INSTITUTIONS--PERIODICALS
650 ## - SUBJECT ADDED ENTRY--TOPICAL TERM
Topical term or geographic name entry element INTERNATIONAL FEDERATION OF LIBRARY ASSOCIATIONS AND INSTITUTIONS
650 #0 - SUBJECT ADDED ENTRY--TOPICAL TERM
Topical term or geographic name entry element INTERNATIONAL LIBRAIANSHIP--PERIODICALS
655 ## - INDEX TERM--GENRE/FORM
Genre/form data or focus term Periodicals
780 ## - PRECEDING ENTRY
Main entry heading International Federation of Library Associations and Institutions. IFLA Council report (DLC)sn 98048856 (OCoLC)37577743
995 ## - RECOMMENDATION 995 [LOCAL, UNIMARC FRANCE]
-- CBU-MAIN LIBRARY (Kitwe)
-- 1
-- AVAILABLE
-- Apr 7, 2021
-- International Publications
Holdings
Withdrawn status Lost status Source of classification or shelving scheme Damaged status Not for loan Home library Current library Shelving location Date acquired Total Checkouts Full call number Barcode Date last seen Price effective from Koha item type
          CBU-MAIN LIBRARY, KITWE. CBU-MAIN LIBRARY, KITWE.   11/30/2022   IFLA(058)AR/2018 B4415 11/30/2022 11/30/2022 MONOGRAPH